Finał Ligi Mistrzów 2013/2014 - składy - Statystyki

Ogólne statystyki
  • Ten quiz został rozwiązany 171 razy
  • Średni wynik to 21 z 30
Statystyki odpowiedzi
Pozycja Narodowość Numer Imię i nazwisko % Poprawnych
Napastnik Portugalia 7 Cristiano Ronaldo
99%
Napastnik Walia 11 Gareth Bale
99%
Napastnik Francja 9 Karim Benzema
98%
Pomocnik Chorwacja 19 Luka Modrić
97%
Bramkarz Hiszpania 1 Iker Casillas
96%
Obrońca Hiszpania 4 Sergio Ramos
96%
Trener Włochy # Carlo Ancelotti
90%
Obrońca Hiszpania 15 Dani Carvajal
90%
Obrońca Francja 2 Raphaël Varane
90%
Pomocnik Argentyna 22 Ángel Di María
86%
Bramkarz Belgia 13 Thibaut Courtois
84%
Obrońca Urugwaj 2 Diego Godín
83%
Pomocnik Hiszpania 6 Koke
82%
Rezerwowy Brazylia 12 Marcelo
81%
Trener Argentyna # Diego Simeone
79%
Obrońca Miranda 23 Miranda
79%
Pomocnik Niemcy 6 Sami Khedira
79%
Obrońca Portugalia 5 Fábio Coentrão
71%
Obrońca Hiszpania 20 Juanfran
68%
Obrońca Brazylia 3 Filipe Luís
66%
Rezerwowy Hiszpania 23 Isco
64%
Rezerwowy Hiszpania 21 Álvaro Morata
63%
Napastnik Hiszpania 19 Diego Costa
63%
Pomocnik Hiszpania 14 Gabi
61%
Napastnik Hiszpania 9 David Villa
43%
Pomocnik Portugalia 5 Tiago
30%
Pomocnik Hiszpania 8 Raúl García
18%
Rezerwowy Belgia 12 Toby Alderweireld
12%
Rezerwowy Hiszpania 7 Adrián
9%
Rezerwowy Argentyna 24 José Sosa
3%
Nie znaleziono quizów pasujących do podanych kryteriów
Rozkład punktacji
Procent ludzi z każdym wynikiem
Percentyl według liczby udzielonych odpowiedzi
Twoja historia wyników
Nie rozwiązałeś tego quizu